Kings to Kingdom Quiz #1 - Statistics

General Stats
  • This quiz has been taken 36 times
  • The average score is 12 of 16
Answer Stats
Kings Kingdom % Correct
Louis XIV France
100%
Elisabeth I England
94%
William I Oranje-Nassau Netherlands
91%
Frederick the Great Prussia
91%
Mary Stuart Scotland
91%
Philip II Habsburg Spain
88%
Gustavus Adolphus Sweden
88%
Manuel I Portugal
84%
Christian IV Denmark, Norway
81%
Bela IV Hungary
78%
Atahualpa Inca
75%
Casimir the Great Poland
75%
Constantine II Greece
63%
Wenceslaus II Czechia
53%
Moctezuma II Aztecs
47%
Antoine Bourbon Navarre
16%
No matching quizzes found
Score Distribution
Percent of People with Each Score
Percentile by Number Answered
Your Score History
You have not taken this quiz